Teaching introductory physics: a sourcebook
Salvato in:
| Autori principali: | , |
|---|---|
| Natura: | Libro |
| Lingua: | inglese |
| Pubblicazione: |
Nueva York
American Instute of Physics
1996
|
| Soggetti: | |
| Tags: |
Aggiungi Tag
Nessun Tag, puoi essere il primo ad aggiungerne!!
|
MARC
| LEADER | 00000nam a2200000 a 4500 | ||
|---|---|---|---|
| 001 | UCS9944 | ||
| 003 | CL-VaPUC | ||
| 008 | 971129e19960000US |||||||||||||||||eng|d | ||
| 082 | 0 | 4 | |a 530.071 |b SWA |2 21 |
| 100 | 0 | |a Swartz, Clifford E |e author |9 395189 | |
| 700 | 0 | |a Miner, Thomas |e author |9 395190 | |
| 245 | 1 | 0 | |a Teaching introductory physics: a sourcebook |
| 300 | |a 128 p | ||
| 942 | |c BK | ||
| 945 | |d 19971129 00:00:00 |a jquezada | ||
| 260 | |a Nueva York |b American Instute of Physics |c 1996 | ||
| 650 | 0 | |a enseñanza de la física |9 339846 | |
| 650 | 0 | |a Educación superior |9 223851 | |
| 583 | |a last modification |c 20170606 01:19:28 |k Rodrigo Vera | ||
| 999 | |c 263610 |d 263608 | ||